000 00989nam a22003017a 4500
001 0001200
003 KOHA_MİRAKIL
005 20260207001233.0
007 ta
008 081212b2004 tu |||gr||||#||||0|tur |
020 _a9753162588
_cYTL22,69
040 _aTR-BiSEU
_btur
_cTR-BiSEU
_erda
041 0 _atur
044 _ctu
050 _aTK7895.M55
_bG86 2004
100 1 _aGümüşkaya, Haluk.
245 1 _aHerkes için mikroişlemciler ve bilgisayarlar :
_bIntel ailesi ve IBM pc/
_cHaluk Gümüşkaya ; Haluk Gümüşkaya.
264 1 _aİstanbul :
_bAlfa Yayınları
_c2004
300 _a430 sayfa: resimli; 25 cm.
336 _ametin
_btxt
_2rdacontent
337 _aaracısız
_bn
_2rdamedia
338 _acilt
_bnc
_2rdacarrier
490 0 _aAlfa Yayınları: 604 Bilgisayar dizisi: 146
650 0 _aMikroişlemciler.
_92133
650 0 _aIntel 8XXX dizi mikroişlemciler.
_94171
830 0 _aAlfa Yayınları: 604 Bilgisayar dizisi: 146
_94172
942 _2lcc
_cBK
999 _c1194
_d1194